The social and psychological contexts of language (Record no. 70416)

MARC details
000 -LEADER
fixed length control field 00734nam a2200241Ia 4500
008 - FIXED-LENGTH DATA ELEMENTS--GENERAL INFORMATION
fixed length control field 191130s1980##################000#0#eng##
020 ## - INTERNATIONAL STANDARD BOOK NUMBER
ISBN 9780898590210
082 ## - DEWEY DECIMAL CLASSIFICATION NUMBER
Classification number 401 CLA
245 ## - TITLE STATEMENT
Title The social and psychological contexts of language
Statement of responsibility, etc edited by Robert N. St. Clair, Howard Giles
260 ## - PUBLICATION, DISTRIBUTION, ETC. (IMPRINT)
Place of publication Hillsdale, N.J
Name of publisher L. Erlbaum Associates
Year of publication 1980
300 ## - PHYSICAL DESCRIPTION
Number of Pages x, 338 p. : ill. ; 24 cm
500 ## - GENERAL NOTE
General note Includes index. Bibliography: p. 299-324
650 ## - SUBJECT ADDED ENTRY--TOPICAL TERM
Topical Term Communication
Topical Term Linguistics
Topical Term Social psychology
700 ## - ADDED ENTRY--PERSONAL NAME
Personal name Giles, Howard
Personal name St. Clair, Robert N
991 ## -
-- 367882
Holdings
Withdrawn status Lost status Damaged status Not for loan Home library Current library Date acquired Full call number Accession Number Price effective from Koha item type
        Anna Centenary Library Anna Centenary Library 09.10.2020 401 CLA 176242 09.10.2020 English Books

Find us on the map